Couplage: éléments finis equations intégrales en élastodynamique et interaction sol-structure

Salvato in:
Dettagli Bibliografici
Autore principale: Dangla, Patrick (Autore)
Ente Autore: Ministere de l'Equipement, du Logement, des Transports et de la Mer. Laboratoire Central des Ponts et Chausées (Autore)
Natura: Libro
Lingua:francese
Pubblicazione: París LCPC 1990
Serie:Rapports des Laboratoires. Mécanique et Mathématiques appliquées, MA-4
Soggetti:
Tags: Aggiungi Tag
Nessun Tag, puoi essere il primo ad aggiungerne!!

MARC

LEADER 00000nam a2200000 a 4500
001 UCV4177
003 CL-VaPUC
008 900706e19900000FR |||||||||||||||||fre|d
082 0 4 |a 624.171  |b DAN  |2 21 
100 0 |a Dangla, Patrick  |e author  |9 298498 
110 2 |a Ministere de l'Equipement, du Logement, des Transports et de la Mer. Laboratoire Central des Ponts et Chausées  |e author  |9 298499 
245 1 0 |a Couplage: éléments finis equations intégrales en élastodynamique et interaction sol-structure 
300 |a 152 p 
942 |c BK 
945 |d 19900706 00:00:00 
260 |a París  |b LCPC  |c 1990 
650 0 |a Dinámica estructural   |9 260388 
650 0 |a Mecánica de suelos  |9 260278 
583 |a last modification  |c 19900706 00:00:00  |k Rodrigo Vera 
490 0 |a Rapports des Laboratoires. Mécanique et Mathématiques appliquées, MA-4 
999 |c 211144  |d 211142 
952 |0 0  |1 0  |4 0  |6 624_171000000000000_DAN_1990  |7 0  |8 A  |9 189317  |a BIBING  |b BIBING  |d 2019-11-14  |i 2569469  |o 624.171 DAN 1990  |p 2569469  |r 2025-01-20  |w 2019-11-14  |y BK  |k ING